000 00431nam a2200133Ia 4500
008 100328s9999 xx 000 0 und d
082 _b56045
100 _aजोशी विमला
245 _aतेथ लावण्याची ठेवं
260 _bसुराज
630 _aतेथ लावण्याची ठेवं
730 _aतेथ लावण्याची ठेवं
942 _cBOOK
999 _c542634
_d542631